Jetpunkers in top 20 - Sudden Death - Statistics

General Stats
  • This quiz has been taken 39 times
    13 since last reset
  • The average score is 3 of 20
Answers on the Grid
Answers color-coded by a green-red scale on the quiz's grid according to % correct below.
Stewart
relessness
Quizzer6794
Jerry928
scambigol
Gamer1162
Gassu
KoljiVriVoda
ArjayPL
Elboy
Vicky
youtubeplayer
kiwirage
WolfCam
overtired
Aaron197
miki2003
LBA
baptistegorce
BolyaiAnna
skukka
Insaniot
Dimby
HinesBrothers
Ravisseur
Jiaozira
Vic1452
Chapa
SpiritOfFire
Silas666
 
Answer Stats
Answer % Correct
baptistegorce
42%
Stewart
42%
Elboy
33%
Jerry928
33%
relessness
33%
ArjayPL
17%
Gamer1162
17%
LBA
17%
Quizzer6794
17%
scambigol
17%
Vicky
17%
Aaron197
8%
BolyaiAnna
8%
Gassu
8%
overtired
8%
WolfCam
8%
youtubeplayer
8%
kiwirage
0%
KoljiVriVoda
0%
miki2003
0%
No matching quizzes found
Score Distribution
Percent of People with Each Score
Percentile by Number Answered
Your Score History
You have not taken this quiz since the last reset